LDR 00988naa#a2200241#i#450# 001 EN\FGKOU VO SPBU MVD ROSSII\bibl\116586 005 20260701185709.3 011 ## _a2071-8284 100 ## _a20260630b2026####ek#y0engy0150####ca 101 0# _aRUS 102 ## _aRU 200 1# _aExperiences of aggressive behavior of students among educators with different levels of motivation for professional activity _eJournal article 210 1# _aSt. Petersburg _cSAINT-PETERSBURG UNIVERSITY OF THE MINISTRY OF INTERNAL AFFAIRS OF THE RUSSIAN FEDERATION _d2026 215 ## _a15 с. 606 ## _aПсихология. 37.03.01 _2local 608 ## _aJournal article _2local 675 ## _aПсихологические исследования. 159.9.07 _zRUS 686 ## _aПсихология. 88 _2bbk 686 ## _aСоциальная психология. 15.41 _2grnti 700 #1 _aRean _gArtur Aleksandrovich 700 #1 _aEgorova _gAnna Viktorovna 700 #1 _aKonovalov _gIvan Aleksandrovich 856 4# _aepinb.ru _u